Tres ensayos sobre la enseñanza de la lengua escrita desde una perspectiva social

Saved in:
Bibliografiske detaljer
Hovedforfatter: Kalman, Judith (Author)
Format: Bog
Sprog:spansk
Udgivet: Ciudad de México Instituto Politécnico Nacional 1996
Serier:Documento DIE, 51
Fag:
Tags: Tilføj Tag
Ingen Tags, Vær først til at tagge denne postø!

MARC

LEADER 00000nam a2200000 a 4500
001 UCQ2680
003 CL-VaPUC
008 980724e19960000MX |||||||||||||||||spa|d
082 0 4 |a 372.634  |b KAL  |2 21 
100 0 |a Kalman, Judith  |e author  |9 416715 
245 1 0 |a Tres ensayos sobre la enseñanza de la lengua escrita desde una perspectiva social 
300 |a 29 p 
942 |c BK 
945 |d 19980724 00:00:00  |a mvenant 
260 |a Ciudad de México  |b Instituto Politécnico Nacional  |c 1996 
650 0 |a Escritura  |9 264941 
650 0 |a Enseñanza  |9 256457 
650 0 |a Aspectos sociales  |9 254894 
650 0 |a Lenguaje   |9 265069 
583 |a last modification  |c 19980724 00:00:00  |k Rodrigo Vera 
490 0 |a Documento DIE, 51 
999 |c 273461  |d 273459 
952 |0 0  |1 0  |4 0  |6 372_634000000000000_KAL_1996  |7 0  |8 P  |9 309032  |a BIBEDU  |b BIBEDU  |c BIBEDU_PB  |d 2019-11-20  |i 3445569  |o 372.634 KAL 1996  |p 3445569  |r 2024-01-25  |w 2019-11-20  |y BK  |k EPE